Normal view
MARC view
- Palmiano, Dariel A.
Entry Personal Name
001 - CONTROL NUMBER
- control field: 869
003 - CONTROL NUMBER IDENTIFIER
- control field: URS
005 - DATE AND TIME OF LATEST TRANSACTION
- control field: 20211111101320.0
008 - FIXED-LENGTH DATA ELEMENTS
- fixed length control field: 211111|| aca||aabn | a|a d
040 ## - CATALOGING SOURCE
- Original cataloging agency: URS
100 ## - HEADING--PERSONAL NAME
- Personal name: Palmiano, Dariel A.
- Relator term: author


































